Los pronombres `le`, `la`, `lo` y sus plurales en la lengua española hablada en Madrid / (Record no. 122927)

MARC details
000 -LEADER
campo de control de longitud fija 00810nam a2200205 4500
001 - NÚMERO DE CONTROL
campo de control 122927
003 - IDENTIFICADOR DE NÚMERO DE CONTROL
campo de control ES-MaACL
005 - FECHA Y HORA DE LA ÚLTIMA TRANSACCIÓN
campo de control 20251009185115.0
007 - CAMPO FIJO DE DESCRIPCIÓN FÍSICA--INFORMACIÓN GENERAL
campo de control de longitud fija t|
008 - DATOS DE LONGITUD FIJA--INFORMACIÓN GENERAL
campo de control de longitud fija 070214s1985 sp r ||||0| spa d
245 04 - MENCIÓN DEL TÍTULO
Título Los pronombres `le`, `la`, `lo` y sus plurales en la lengua española hablada en Madrid /
Mención de responsabilidad, etc. Antonio Quilis... [et al.].
260 ## - PUBLICACIÓN, DISTRIBUCIÓN, ETC.
Lugar de publicación, distribución, etc. Madrid :
Nombre del editor, distribuidor, etc. Instituto de Filología Hispánica,
Fecha de publicación, distribución, etc. 1985.
300 ## - DESCRIPCIÓN FÍSICA
Extensión 216 p ;
Dimensiones 23 cm.
490 1# - MENCIÓN DE SERIE
Mención de serie La norma lingüística culta de la lengua española hablada en Madrid ;
Designación de volumen o secuencia 5
700 1# - ENTRADA AGREGADA--NOMBRE PERSONAL
Nombre de persona Quilis, Antonio,
Fechas asociadas al nombre 1933-2003
9 (RLIN) 94630
710 2# - ENTRADA AGREGADA--NOMBRE DE ENTIDAD CORPORATIVA
Nombre de entidad corporativa o nombre de jurisdicción como elemento de entrada Instituto de Filología Hispánica.
9 (RLIN) 4945
830 0# - PUNTO DE ACCESO ADICIONAL DE SERIE-TÍTULO UNIFORME
Título uniforme La norma lingüística culta de la lengua española hablada en Madrid ;
Designación de volumen o secuencia 5
9 (RLIN) 184460
852 ## - LOCALIZACIÓN
Ubicación ES-MaACL
Número de control de estantería L-10480
Sublocalización o colección R.112378
Holdings
Estatus retirado Estado de pérdida Estado de daño No para préstamo Biblioteca de origen Biblioteca actual Ubicación en estantería Fecha de adquisición Fuente de adquisición Total de préstamos Signatura topográfica completa Código de barras Visto por última vez Precio de reemplazo Tipo de ítem Koha
        Biblioteca del Ateneo de Madrid Biblioteca del Ateneo de Madrid Depósito 2 17/01/2008     L-10480 1128095 23/02/2023 23/02/2023 Libro impreso